Most Named Star Wars Clone Troopers 2024 - Statistics

General Stats
  • This quiz has been taken 95 times
  • The average score is 50 of 123
Answer Stats
Hint Answer % Correct
ARC/CT-5555 501st Legion Fives
97%
CC-2224 212th Attack Battalion Commander Cody
96%
ARC/CT-1409 501st Legion/Bad Batch Echo
96%
CC-7567 501st Legion Captain Rex
94%
CT-99 99
90%
CC-3636 104th Wolfpack Commander Wolffe
83%
CC-5052 327th Star Corps Commander Bly
80%
CC-1010 Coruscant Guard Commander Fox
80%
ARC-5597 501st Legion Jesse
80%
CT-9902 Bad Batch Tech
77%
212th Attack Battalion, KIA Umbara Waxer
77%
212th Attack Battalion Trooper Boil
75%
CT-9904 Bad Batch Crosshair
75%
CT-782 Domino Squad Hevy
75%
CT-9901 Bad Batch Sergeant Hunter
75%
CT-9903 Bad Batch Wrecker
75%
CT-9415 501st Legion Heavy Trooper Hardcase
71%
RC-5576 Commander Gregor
70%
CC-1004 41st Elite Corps Commander Gree
68%
CT-4040 Domino Squad Cutup
68%
CC-9333 Coruscant Guard Commander Thorn
67%
CT-2010 Domino Squad Droidbait
67%
ARC Trooper Colt
64%
Traitorous Clone Sergeant Slick
64%
CT-6922 501st Legion Dogma
61%
CT-6116 501st Legion Medic Kix
61%
CC-8826 91st Recon Commander Neyo
59%
CC-1119 501st Legion Sergeant Appo
58%
CC-2237 Clone Pilot Odd ball
57%
CT-5385 501st Trooper Tup
57%
CC-411 Served Under Mace Windu Commander Ponds
54%
CC-4477 Coruscant Guard Lieutenant Thire
54%
CC-1138 21st Nova Corps Commander Bacara
52%
ARC Trooper | CT-9529 Havoc
52%
RC-1262 Delta Squad Scorch
52%
ARC-4547 ARC Trooper Hawk
49%
RC-1138 Delta Squad Boss
49%
Clone Pilot 501st Legion Hawk
49%
RC-1207 Delta Squad Sev
49%
ARC Trooper Blitz
48%
CT-0292 332nd Division Captain Vaughn
48%
RC-1140 Delta Squad Fixer
48%
ARC Trooper Hammer
48%
Served under Ima Gun Di Captain Keeli
46%
Courscant Guard/41st Elite Corps CT Jek
46%
Malevolence Hunting Group Matchstick
45%
CT-4860 104 Wolfpack Boost
43%
CC-10/994 Caleb Dume's unit Commander Grey
43%
Coruscant Guard ARF Sergeant Sergeant Hound
43%
104th Wolfpack Pilot Warthog
42%
Blue Squadron Leader Axe
41%
CC-1139 Commander Doom
41%
CC-5869 Coruscant Guard Commander Stone
41%
CT-3818, Blond 212th Trooper Crys
41%
CT-7569 Ryloth unit Howzer
41%
Electrocuted 212th Trooper Longshot
41%
Did not live up to his name Lucky
41%
CT-1317 Mayday
41%
104th Wolfpack CT Comet
39%
CC-3714 Commander Fil
39%
Scuba Trooper Commander Monnk
39%
Coruscant Guard Trooper Rys
38%
CC-1993 Commander Jet
36%
501st Trooper killed by assassin droid Redeye
36%
CT-3201 104th Wolfpack Sinker
36%
ARF Trooper killed by Savage Trauma
36%
CT-1284 Spec Ops Veteran Blackout
35%
501st Trooper killed by assassin droid Mixer
35%
CC-4142 Horn Company Captain Lock
33%
CT-19-7409, KIA Rishi Station Sergeant O'Niner
32%
Slicks Squad Chopper
30%
CT-7193 501st Legion Denal
30%
212th ARF Trooper shot down w/ Obi Wan Trapper
30%
327th Star Corps CT Cameron
29%
501st Legion CT Charger
29%
Clone Resistance Trooper Fireball
29%
501st Trooper, died to landmines Ringo
29%
CT-1284 Spec Ops Rookie Spark
29%
Deserter Cut Lawquane
28%
327th Star Corps Trooper Flash
28%
Clone lost to the Zillo Beast Hawkeye
28%
CT-55/11-9009 Clone Pilot Jag
28%
Generic Clone Killed by Zillo Beast Kosmos
28%
Killed by a Magnaguard Niner
26%
501st Trooper, died to landmines Oz
26%
Veteran 501st Trooper Killed by Maul Ridge
26%
41st Elite Corps CT Buzz
25%
Clone Resistance Trooper Samson
23%
212th Attack Battalion Trooper Wooley
23%
41st Elite Corps Trooper Draa
22%
Clone Resistance Trooper Greer
22%
Slick's Squad Jester
22%
CT-6910, ARF Trooper, Served W/Mace W. Razor
22%
212th Attack Battalion Trooper Gearshift
20%
Blue Squadron Member Kickback
20%
Blue Squadron Member Slammer
20%
Red clad CT Bel
19%
Slick's Squad Gus
19%
Clone Resistance Trooper Nemec
19%
CT-9544 Genosian brain worms episode Scythe
19%
Slick's Squad Sketch
19%
104th Pilot Killer
17%
Fought with CC-2224 and CT-9904 Nova
17%
Died with CT-2010 Nub
17%
332nd Veteran Sterling
17%
Naval Gunner Clone Stew
17%
Blue Squadron Member Swoop
17%
Generic Clone Captain/Commander Wilco
17%
CC-6210 327th Star Corps Commander Deviss
16%
Malevolence Hunting Group Tag
16%
Clone with Mayday Hexx
14%
Slick's Squad Punch
14%
CT-0409 Shot on Coruscant Slip
14%
Blue Squadron Member Tucker
14%
Slain with CT-7193 Koho
13%
Homeless 501st Veteran Nax
13%
Clone Trooper with Mayday Veetch
13%
CT-9521 Pulsar
12%
Clone Flame trooper, Served with CC-2224 Wyler
12%
Green Clad Pilot Engle
10%
CT-1155 Clone Pilot Skifter
4%
CT-1020 Clone Pilot Drift
3%
No matching quizzes found
Score Distribution
Percent of People with Each Score
Percentile by Number Answered
Your Score History
You have not taken this quiz